Akta Timbang Tara 2005 (Akta 646) & Arbitration Act 2005 (Act 646) : (Hingga 5hb September 2013)

Bibliographic Details
Corporate Authors: Malaysia, International Law Book Services. Lembaga Penyelidikan Undang-Undang
Format: Book
Language:English
Published: Petaling Jaya : International Law Book Services , 2013
Subjects:

MARC

LEADER 00000cam a2200000 7i4500
001 0000025587
005 20140919.0
008 190914 my # eng
020 |a 9789678923507 ,   |c RM17.50 
040 |a INS 
090 0 0 |a KPG1349.A31952   |b M4 2013 
110 1 |a Malaysia 
240 0 0 |a [Akta Timbang Tara 2005 (Akta 646)] 
245 1 0 |a Akta Timbang Tara 2005 (Akta 646) & Arbitration Act 2005 (Act 646) :   |b (Hingga 5hb September 2013)   |c disusun oleh Lembaga Penyelidikan Undang-Undang 
260 |a Petaling Jaya :   |b International Law Book Services ,   |c 2013 
300 |a 109 p. ;   |c 24cm. 
650 0 0 |a Arbitration and awards   |z Malaysia 
710 1 |a International Law Book Services. Lembaga Penyelidikan Undang-Undang 
740 0 |a Undang-Undang Malaysia 
999 |a 1000001938   |b BOOK   |c Open Shelf   |e Default branch